00485nam a22001337a 4500020001800000082001200018100001700030245007900047260003500126300003500161500005100196650005400247700005000301 a9780470996171 a621.381 aLiu Duixian  a Advanced millimeter-wave technologies : antennas, packaging and circuits a[Hoboken, NJbJohn Wileyc2009 axxii, 827 p.bill. ; e 26 cm. aIncludes bibliographical references and index. a1. Millimeter wave devices. 2. Millimeter waves. aGaucher Brian, Pfciffer Ullrich, Grzyb Janusz